Ολοκληρωμένη περιβαλλοντική αξιολόγηση : περιβαλλοντική κατάσταση και η περιβαλλοντική πολιτική για το νησί της Ρόδου : πτυχιακή εργασία
Αποθηκεύτηκε σε:
| Κύριος συγγραφέας: | |
|---|---|
| Άλλοι συγγραφείς: | |
| Μορφή: | Thesis Βιβλίο |
| Γλώσσα: | Greek |
| Δημοσίευση: |
2017.
|
| Θέματα: | |
| Διαθέσιμο Online: | http://hdl.handle.net/11610/18378 |
| Ετικέτες: |
Προσθήκη ετικέτας
Δεν υπάρχουν, Καταχωρήστε ετικέτα πρώτοι!
|
MARC
| LEADER | 00000cam a2200000 a 4500 | ||
|---|---|---|---|
| 001 | 1/117439 | ||
| 008 | 181025s2017####gr | ||| |||| ||gre|| | ||
| 040 | |a GR-MyUa |b gre |c GR-MyUa |e AACR2 | ||
| 041 | 0 | |a gre | |
| 082 | 7 | |a 363.70561 |2 (23) | |
| 100 | 1 | |a Αγκόλλι, Έρνεστ. | |
| 245 | 1 | 0 | |a Ολοκληρωμένη περιβαλλοντική αξιολόγηση : |b περιβαλλοντική κατάσταση και η περιβαλλοντική πολιτική για το νησί της Ρόδου : πτυχιακή εργασία / |c Αγκόλλι Έρνεστ ; επιβλέπων καθηγητής: Σπιλάνης Ιωάννης. |
| 260 | |c 2017. | ||
| 300 | |a 59 σ. ; |c 30 εκ. | ||
| 502 | # | # | |a Πτυχιακή εργασία – Πανεπιστήμιο Αιγαίου, Λέσβος, 2017. |
| 504 | |a Περιλαμβάνει βιβλιογραφία. | ||
| 506 | 1 | |a Ηλεκτρονική διάθεση στο πλήρες κείμενο - περιορισμένης πρόσβασης ; |d Ελεύθερη διάθεση μόνο στα μέλη του Πανεπιστημίου Αιγαίου. | |
| 650 | 0 | |a Environmental policy |z Greece |z Rhodes (Island) | |
| 650 | 0 | |a Environmental impact analysis. | |
| 650 | 0 | |a Environmental reporting |z Greece |z Rhodes (Island) | |
| 700 | 1 | |a Σπιλάνης, Ιωάννης. | |
| 710 | 2 | |a Πανεπιστήμιο Αιγαίου. |b Σχολή Περιβάλλοντος. |b Τμήμα Περιβάλλοντος, |e dgs | |
| 852 | |a INST |b LESVOS |c DIATR |e 20181025 |h 1757 |p 005100059845 |q 005100059845 |t DIE |y 23 | ||
| 856 | |u http://hdl.handle.net/11610/18378 | ||
| 924 | |a Αγκόλλι |b Έρνεστ |y Λέσβος |z 2017-03 | ||
| 970 | |a Δημάκη |b Μαρία |z 25-10-2018 | ||